| 000 | 00729nam a22001817a 4500 | ||
|---|---|---|---|
| 003 | CEME | ||
| 005 | 20210628210454.0 | ||
| 008 | 210208b xxu||||| |||| 00| 0 eng d | ||
| 040 | _c. | ||
| 082 | _a297.14 USM | ||
| 100 |
_aUsmani, Mufti Muhammad Taqi Muhammad Taqi Usmani, Mufti _979527 |
||
| 245 | _aFiqhee maqalaat | ||
| 250 | _a2-VOLS | ||
| 260 |
_aKARACHI _bMEMON ISLAMIC PUBLISHERS _c1994 |
||
| 300 | _a1994 | ||
| 650 |
_aISLAM-BANKING SYSTEM ISLAM-PURCHASING IN INSTALMENTS ISLAMIC BANKING ISLAM-JARABOO PER MASAW ISLAM-SAJDA SAHEV MISAYAL ISLAM-ZAKAT THROUGH BANKS ISLAM-KHULLAH KEY HAKIKAT ISLAM-VOTE KEY ISLAMIC HASIAT ISLAM-PLS ACCOUNT KEY HAKIKAT ISLAM-HOUSE FINANCING KAY JAIZ TAREKAY _979528 |
||
| 942 |
_cBK _2ddc |
||
| 999 |
_c584559 _d584559 |
||